| 000 | 00505nam a2200157Ia 4500 | ||
|---|---|---|---|
| 008 | 210716s2009 xx 000 0 und d | ||
| 020 | _a9788120332447 | ||
| 041 | _aeng | ||
| 082 | _a658.4012 GUPV | ||
| 100 | _aGupta, Vipin;Gollakota, Kamala;Srinivasan R. | ||
| 245 |
_aBusiness policy and strategic management: concepts and applications. _bConcepts and applications. |
||
| 250 | _a2 | ||
| 260 |
_aNew Delhi _bPHI Learning private limited. _c2009 |
||
| 300 | _axx,575 | ||
| 650 | _aStrategic Management | ||
| 999 |
_c205754 _d205754 |
||